Todas las Cartas de Clash Royale - Estadísticas

Estadísticas generales
  • Esta prueba ha sido intentada 88 veces
    75 desde el último reinicio
  • La puntuación promedio es 82 de 126
Estadísticas de respuestas
Evolución Tipo de Carta Rareza Elixir Respuesta % Correcto
Si Tropa Común 1 Esqueletos
96%
No Tropa Común 2 Duendes
94%
Si Tropa Común 1 Espíritu de Hielo
94%
Si Tropa Común 3 Caballero
92%
No Tropa Común 1 Espíritu de Fuego
92%
No Tropa Especial 5 Gigante
92%
No Tropa Épica 8 Golem
92%
No Hechizo Legendaria 2 Tronco
92%
Si Tropa Común 3 Arqueras
88%
Si Tropa Épica 5 Bruja
88%
No Tropa Común 1 Espíritu Eléctrico
88%
No Hechizo Común 3 Flechas
88%
No Tropa Legendaria 3 Princesa
88%
No Tropa de Torre Común X Princesa
88%
No Hechizo Especial 4 Bola de Fuego
86%
Si Estructura Común 3 Cañón
86%
Si Tropa Especial 5 Mago
86%
No Tropa Legendaria 3 Mago de Hielo
86%
No Tropa Legendaria 4 Mago Eléctrico
86%
No Tropa Especial 4 Mini P.E.K.K.A
86%
Si Tropa Épica 7 P.E.K.K.A
86%
Si Hechizo Épica 3 Barril de Duendes
84%
No Hechizo Épica +1 Espejo
84%
No Tropa Especial 1 Espíritu Sanador
84%
Si Tropa Épica 3 Ejército de Esqueletos
82%
No Tropa Común 3 Esbirros
82%
No Tropa Épica 5 Príncipe
82%
Si Estructura Común 4 Torre Tesla
82%
No Estructura Especial 6 Choza de Bárbaros
80%
No Estructura Especial 4 Choza de Duendes
80%
Si Hechizo Común 2 Descarga
80%
No Tropa Común 2 Duendes con Lanza
80%
Si Tropa Legendaria 7 Megacaballero
80%
No Estructura Especial 5 Torre Infernal
80%
No Tropa Especial 9 Trío de Mosqueteras
80%
No Tropa Legendaria 3 Bandida
78%
Si Hechizo Común 2 Bola de Nieve
78%
No Tropa Especial 4 Montapuercos
78%
Si Tropa Especial 4 Mosquetera
78%
Si Tropa Épica 4 Bebé Dragón
76%
Si Tropa Común 6 Gigante Noble
76%
No Tropa Especial 2 Golem de Hielo
76%
No Tropa Común 3 Pandilla de Duendes
76%
No Tropa Épica 4 Príncipe Oscuro
76%
Si Tropa Común 5 Bárbaros
74%
Si Tropa Común 2 Bombardero
74%
No Estructura Épica 6 Ballesta
72%
Si Tropa Legendaria 4 Dragón Infernal
72%
Si Tropa Común 2 Murciélagos
72%
No Hechizo Épica 6 Rayo
72%
Si Tropa Especial 4 Valquiria
72%
No Hechizo Épica 4 Hielo
70%
No Estructura Especial 3 Lápida
70%
No Tropa Legendaria 3 Minero
70%
No Tropa Campeón 5 Reina Arquera
70%
No Hechizo Épica 2 Barril de Bárbaro
68%
No Tropa Legendaria 4 Bruja Madre
68%
No Tropa Legendaria 4 Bruja Nocturna
68%
Si Tropa Épica 5 Dragón Eléctrico
68%
No Tropa Campeón 6 Bandida Líder
66%
No Tropa Campeón 4 Caballero Dorado
66%
No Hechizo Especial 6 Cohete
66%
No Tropa Épica 7 Gigante Eléctrico
66%
No Tropa Común 5 Horda de Esbirros
66%
No Tropa Campeón 3 Principito
66%
No Tropa Campeón 4 Rey Esqueleto
66%
No Tropa Común 6 Bárbaros de Élite
64%
No Tropa Épica 6 Esqueleto Gigante
64%
No Hechizo Épica 2 Furia
64%
Si Tropa Común 3 Lanzafuegos
64%
Si Tropa Legendaria 4 Leñador
64%
No Estructura Especial 4 Torre Bombardera
64%
No Hechizo Épica 4 Veneno
64%
No Tropa Común 2 Berserker
62%
No Hechizo Legendaria 5 Cementerio
62%
Si Tropa Épica 6 Duende Gigante
62%
No Tropa Campeón 4 Gran Minero
62%
Si Tropa Especial 4 Horno
62%
No Tropa Legendaria 5 Montacarneros
62%
Si Tropa Especial 5 Puercos Reales
62%
No Tropa Legendaria 6 Chispitas
60%
No Hechizo Épica 3 Enredadera
60%
No Tropa Especial 3 Golem de Elixir
60%
No Tropa Especial 3 Megaesbirro
60%
No Hechizo Especial 3 Terremoto
60%
No Hechizo Épica 3 Vacío
60%
No Hechizo Épica 2 Maldición Duende
58%
Si Tropa Épica 2 Rompemuros
58%
Si Tropa Épcia 5 Verdugo
58%
No Tropa de Torre Épica X Cañonero
56%
Si Tropa Especial 3 Duende Lanzadardos
56%
No Tropa Legendaria 4 Arquero Mágico
54%
Si Tropa Común 3 Barril de Esqueletos
54%
No Hechizo Épica 3 Clon
54%
No Tropa Épica 5 Globo Bombástico
54%
No Tropa Legendaria 7 Sabueso de Lava
54%
No Hechizo Épica 3 Tornado
54%
Si Tropa Épica 4 Cazador
52%
No Tropa Campeón 5 Monje
52%
Si Estructura Común 4 Mortero
52%
Si Tropa Común 7 Reclutas Reales
52%
No Tropa Épica 3 Guardias
48%
No Estructura Especial 6 Recolector de Elixir
48%
Si Tropa Especial 4 Ariete de Batalla
46%
Si Tropa Legendaria 3 Fantasma Real
46%
No Tropa Épica 4 Gigante Rúnica
46%
No Hechizo Común 3 Paquete Real
46%
No Tropa Legendaria 3 Pescador
46%
No Tropa Común 5 Pillos
46%
No Tropa de Torre Legendaria X Cocinero
44%
No Tropa Campeón 5 Duendenstein
44%
No Tropa Especial 4 Sanadora
44%
No Tropa Común 4 Dragones Esqueleto
42%
Si Estructura Especial 4 Jaula del Forzudo
40%
No Tropa Legendaria 5 Máquina Duende
40%
No Tropa Épica 5 Cañón con Ruedas
38%
No Tropa Especial 2 Arbusto Sospechoso
34%
No Tropa Especial 4 Máquina Voladora
34%
No Tropa Legendaria 4 Fénix
32%
No Tropa Legendaria 3 Emperatriz Espiritual
30%
No Tropa Legendaria 6 Emperatriz Espiritual
30%
No Tropa Especial 4 Electrocutadores
28%
No Tropa Épica 5 Lanzarrocas
28%
No Tropa de Torre Legendaria X Duquesa de Dagas
26%
No Tropa Especial 4 Duende Demoledor
22%
Si Estructura Épica 4 Excavadora Duende
10%
No se encontraron pruebas coincidentes
Distribución de puntuación
Porcentaje de gente con cada puntuación
Porcentaje por número respondido
Historial de tus puntuaciones
No has intentado esta prueba desde el último reinicio